Từ điểnkỹ thuật tổng hợp Anh - Việt = English - Vietnamese polytechnical dictionary
Từ điển khoảng 120.000 thuật ngữ bao gồm các ngành kỹ thuật, luyện kim, xây dựng, tin học, toán học, vật lý, hóa học, hàng hải, hàng không, thuỷ sản, thực phẩm, sinh vật, y học, âm nhạc, quân sự...
Uloženo v:
| Hlavní autor: | |
|---|---|
| Médium: | Kniha |
| Jazyk: | Undetermined |
| Vydáno: |
Thành phố Hồ Chí Minh
Thanh niên
2000
|
| Témata: | |
| Tagy: |
Přidat tag
Žádné tagy, Buďte první, kdo otaguje tento záznam!
|
| Thư viện lưu trữ: | Trung tâm Học liệu Trường Đại học Cần Thơ |
|---|
| LEADER | 01006nam a2200241Ia 4500 | ||
|---|---|---|---|
| 001 | CTU_148559 | ||
| 008 | 210402s9999 xx 000 0 und d | ||
| 020 | |c 165000 | ||
| 082 | |a 603 | ||
| 082 | |b H107 | ||
| 100 | |a Nguyễn, Hạnh | ||
| 245 | 0 | |a Từ điểnkỹ thuật tổng hợp Anh - Việt = | |
| 245 | 0 | |b English - Vietnamese polytechnical dictionary | |
| 245 | 0 | |c Nguyễn Hạnh, Nguyễn Duy Linh | |
| 260 | |a Thành phố Hồ Chí Minh | ||
| 260 | |b Thanh niên | ||
| 260 | |c 2000 | ||
| 520 | |a Từ điển khoảng 120.000 thuật ngữ bao gồm các ngành kỹ thuật, luyện kim, xây dựng, tin học, toán học, vật lý, hóa học, hàng hải, hàng không, thuỷ sản, thực phẩm, sinh vật, y học, âm nhạc, quân sự... | ||
| 650 | |a Technology | ||
| 650 | |x Dictionaries | ||
| 650 | |z English - Vietnamese | ||
| 904 | |i QHieu | ||
| 980 | |a Trung tâm Học liệu Trường Đại học Cần Thơ | ||